000 00409nam a22001697a 4500
005 20180703115220.0
008 160621b xxu||||| |||| 00| 0 eng d
020 _a978-0-07-062019-3
041 _aeng
082 _b8644
_a658.0072
100 _aCooper and Schindler
_94433
245 _aBusiness Research Methods
260 _bTMH
_anew delhi
300 _a655p,
650 _aManagement
_9241
942 _cBK
999 _c3334
_d3333